000 01381nam a22003617a 4500
001 3840460
003 OSt
005 20210421054343.0
008 870616s1987 nyua b 001 0 eng c
010 _a 87016550
020 _a0881673153
040 _aDNLM/DLC
_cDLC
_deng
_beng
041 1 _aengfre
050 0 0 _aRC359
_b.C4713 1987
060 _aWL 100 C483L
080 _a616.8
_bC-47
082 0 0 _a616.8/049
_219
100 1 _aCharcot, J. M.
_q(Jean Martin),
_d1825-1893.
240 1 0 _aLeçons du mardi à la Salpêtrière.
_lEnglish
245 1 0 _aCharcot, the clinician :
_bthe Tuesday lessons : excerpts from nine case presentations on general neurology delivered at the Salpêtrière Hospital in 1887-88 by Jean-Martin Charcot /
_ctranslated with commentary by Christopher G. Goetz.
260 _aNew York :
_bRaven Press,
_cc1987.
300 _axxx, 193 p. :
_bill. ;
_c25 cm.
365 _b62 usd
500 _aTranslated from: Leçons du mardi à la Salpêtrière.
504 _aIncludes bibliographies and index.
650 0 _aNeurology
_xCase studies.
650 2 _aNervous System Diseases.
653 _aნევროლოგია
653 _aნერვული სისტემის დაავადებები
700 1 _aGoetz, Christopher G.
_eTranslator
906 _a7
_bcbc
_corignew
_d1
_eocip
_f19
_gy-gencatlg
942 _2udc
_cBK
999 _c601
_d601